000 nam a22 7a 4500
999 _c129484
_d129484
008 190426b xxu||||| |||| 00| 0 eng d
050 _aBX1939.E3 D419
100 _aDe Pauw , Gommar A
_946038
245 _aThe educational rights of the church and elementary schools in Belgium
_c/ by Gommar A. De Pauw
260 _aWashington, D. C.:
_bThe Catholic University of America,
_c1953.
300 _axiv, 148p. ;
_c23cm.
440 _aThe Catholic University of america Canon Law Studies
_nno.336
_946039
650 _aEducation
_xCatholic Church
_xCanon law
_946037
650 _aEducation
_zBelgium
_946040
942 _2lcc
_cMONOGRAPH